00349 a2200133 4500000002500000100002100025110002100046245004300067250001900110260003000129264003000159942000700189999001900196 nam a22 7a 4500 aShaw, Dhananjoy  aShaw, Dhananjoy  aKinesiology of Exercise With Apparatus aLatest edition bKhel Sahitya Kendrac2025 bKhel Sahitya Kendrac2025 cBK c394169d394169